Normal view
MARC view
- PAHLAVI, ASHRAF
Entry Personal Name
001 - CONTROL NUMBER
- control field: 75914
003 - CONTROL NUMBER IDENTIFIER
- control field: NUST
005 - DATE AND TIME OF LATEST TRANSACTION
- control field: 20210628205530.0
008 - FIXED-LENGTH DATA ELEMENTS
- fixed length control field: 210628|| aca||aabn | a|a d
040 ## - CATALOGING SOURCE
- Original cataloging agency: NUST
- Transcribing agency: NUST
100 ## - HEADING--PERSONAL NAME
- Personal name: PAHLAVI, ASHRAF
670 ## - SOURCE DATA FOUND
- Source citation: Work cat.: (NUST): PAHLAVI, ASHRAF, FACES IN A MIRROR MEMORIES FROM EXILE, 1980
